000
00324nam a2200133Ia 4500
100
_a
Krishanmurthy/E.V
942
_c
BK
654
_a
Theory Of Computer
245
_a
Introductory Theory Of Computer Science
260
_b
Affiliated East-West Press
_a
New Delhi
_c
1984
082
_a
1.6
300
_a
211
546
_a
ENGLISH
999
_c
33460
_d
33460